000 00650nam a2200265Ia 4500
005 20260121170107.0
008 008 260114s9999 xx 000 0 eng d
020 _a9781137443977
037 _aEBOOK
040 _aCRL
040 _beng
040 _cCRL
041 _2eng
041 _aeng
084 _qCRL
100 _aDamian Breen
_91059727
245 0 _aMuslim Schools, Communities and Critical Race Theory
260 _bSpringer
260 _bSpringer
260 _c2018
856 _uhttps://link.springer.com/openurl?genre=book&isbn=978-1-137-44397-7
942 _cEBOOK
999 _c1625456
_d1625456